000
00286nam a22001217a 4500
082
_a
894.812.3
_b
SAT/S
100
_a
SATHEESAN
245
_a
SWAMI AYYAPPAN
260
_a
THRISSUR
_b
H&C PUBLISHING HOUSE
_c
2007
300
_a
80
650
_a
MALAYALAM HINDU SHORT STORY
_z
KERALA
942
_c
BK
999
_c
1269
_d
1269